University Affiliated Inventors in a Social Network of Regional Innovation Systems - a Large Scale Patent Analysis

Salvato in:
Dettagli Bibliografici
Autore principale: Špurek, Miroslav, 1992-
Natura: Capitolo di libro
Lingua:inglese
Soggetti:
Tags: Aggiungi Tag
Nessun Tag, puoi essere il primo ad aggiungerne!!

MARC

LEADER 00000naa$a2200000$$$4500
001 0272151
005 20240502083829.2
041 0 |a eng 
044 |a HU 
245 1 0 |a University Affiliated Inventors in a Social Network of Regional Innovation Systems - a Large Scale Patent Analysis  |c Miroslav Špurek 
500 |a abstrakt 
610 2 0 |a vlastníctvo duševné 
610 2 0 |a patenty 
610 2 0 |a vynálezcovia 
610 2 0 |a univerzity 
610 2 0 |a systémy inovačné 
100 1 |a Špurek, Miroslav, 1992-